000 01474cam a22004334i 4500
003 PE-LiUPU
005 20250731173113.0
008 150623s2002 sp rb 000 0 spa d
035 _a(Sirsi) a25130
040 _aPE-LiUPU
_bspa
_cPE-LiUPU
_erda
082 0 4 _a226.4
_bB72 / 2 / B
_221
100 1 _aBovon, Francois,
_eautor.
245 1 3 _aEl evangelio según San Lucas :
_bLc 9,51-14,35 /
_cFrancois Bovon.
264 1 _aSalamanca :
_bEdiciones Sígueme,
_c2002.
300 _a663 páginas ;
_c21 centímetros.
336 _atext
_2rdacontent
337 _aunmediated
_2rdamedia
338 _avolume
_2rdacarrier
490 1 _aBiblioteca de Estudios Bíblicos ;
_v86
504 _aIncluye bibliografía.
505 0 _aComentario del libro de Lucas.
526 _aSEG42
526 _aSEG41
526 _aSEG40
526 _aSEG39
526 _aP94
526 _aP87
526 _aP86
526 _aP85
526 _aP77
526 _aP76
526 _aP35
630 _aBiblia.
_pN.T.
_pLucas
_xComentarios.
942 _2ddc
_cBOOK
949 _a226.4 B72 / 2 / B
_wDEWEY
_c1
_i49545
_lCCODEBUL1
_mBUL
_p25.00
_r0
_sY
_tBOOK
_u2015-06-24
_xTEOLOGIA
_PP35
_0COMPRA
_o.STAFF. Colección Teología
596 _a1
999 _a226.4 B72 / 2 / B
_wDEWEY
_c30720
_i49545
_d30720
_e2017-10-24
_f2021-11-9
_g5
_lCCODEBUL1
_mBUL
_n2
_p25.00
_q1
_r0
_sY
_tBOOK
_u2015-6-24
_xTEOLOGIA
_PP35
_0COMPRA
_o.STAFF. Colección Teología
980 _81
_gALBERTO SANCHEZ Responsable de Automatización